Crónicas de claustro. Historia de la Facultad de Derecho de la PUCP.

Uloženo v:
Podrobná bibliografie
Hlavní autor: Ramos Núñez, Carlos Augusto (autor)
Další autoři: Salas Guerrero, César (colaboración)
Médium: Kniha
Jazyk:španělština
Vydáno: Lima, Perú: Pontificia Universidad Católica del Perú, 2009
Vydání:Primera edición.
Témata:
Tagy: Přidat tag
Žádné tagy, Buďte první, kdo vytvoří štítek k tomuto záznamu!

MARC

LEADER 00000cam a2200000 a 4500
001 UCG8151
003 CL-VaPUC
005 20220822114402.0
008 111124e20091100PE |||||||||||||||||spa|d
999 |c 345783  |d 345781 
020 |a 978-9972-42-910-1 
040 |c Pontificia Universidad Católica de Valparaíso 
082 0 4 |a 340.10985 RAM 2009  |2 21 
100 0 |a Ramos Núñez, Carlos Augusto  |e autor  |9 559040 
245 1 0 |a Crónicas de claustro.  |b Historia de la Facultad de Derecho de la PUCP. 
250 |a Primera edición.  
260 |a Lima, Perú:  |b Pontificia Universidad Católica del Perú,   |c 2009 
300 |a 279 páginas.  
500 |a c.2 Donación Familia Prof. Alejandro Guzmán Brito.  
583 |a last modification  |c 20111124 10:34:00  |k Rodrigo Vera 
650 0 |a Historia del derecho peruano  |2 CL-VaPUC  |9 428503 
650 0 |a Derecho peruano  |9 386941 
700 |a Salas Guerrero, César   |e colaboración  |9 865613 
942 |c BK  |2 ddc  |n 0 
945 |d 20111124 00:00:00  |a dcastane 
952 |0 0  |1 0  |4 0  |6 340_109850000000000_RAM_2009  |7 0  |8 A  |9 446044  |a BIBDER  |b BIBDER  |d 2019-11-22  |i 480452K  |o 340.10985 RAM 2009  |p 480452K  |r 2023-01-25  |w 2019-11-22  |y BK  |k DER 
952 |0 0  |1 0  |2 ddc  |4 0  |6 340_109850000000000_RAM_2009  |7 1  |8 C_AGB  |9 580182  |a BIBDER  |b BIBDER  |d 2022-01-06  |e Donación   |i 563539K  |o 340.10985 RAM 2009  |p 563539K  |r 2023-01-25  |t 2  |w 2022-01-06  |y BK_US  |k AGB